000 00662nam a2200277Ia 4500
005 20260320195752.0
008 008 262003s9999 xx 000 0 hin d
020 _a9788126728152
037 _aEBOOK
040 _aCRL
040 _bhin
040 _cCRL
041 _2hin
041 _ahin
084 _qCRL
100 _aमृदुला गर्ग
_91132895
245 0 _aवसु का कुटुम
250 _a1st
260 _bRajkamal
260 _c2016
300 _a119
856 _uhttps://ebook.indiaread.in/pdfs/vasu_ka_kutum_by_mridula_garg.pdf
942 _cEBOOK
999 _c1716398
_d1716398